00507nam a2200145Ia 4500008004100000020002200041041000800063082001300071100001300084245007300097250000900170260004400179999001900223952011900242230627s9999 xx 000 0 und d a978-0-19-565610-7 amar a342bAUS aAustin G aWorking A Democratic Constitution A History Of The Indian Experience a3ed. aNew YorkbOxford University Pressc2006 c694570d694570 001040708LLBaNLPbNLPcNLP-48d2007-03-31g395.00l0o342 AUSpNLP-N25142r2023-07-17 00:00:00w2023-07-17yBK